|
|
|
|
| LEADER |
02106nam a2200433 a 4500 |
| 001 |
45824 |
| 003 |
BD-DhAAL |
| 005 |
20260520145959.0 |
| 008 |
260520t2008 enka b 001 0 eng |
| 010 |
|
|
|a 2007043012
|
| 020 |
|
|
|a 9780521722216
|
| 020 |
|
|
|a 9780521856935
|
| 020 |
|
|
|a 0521856930
|
| 020 |
|
|
|a 0521722217
|
| 035 |
|
|
|a 15054768
|
| 035 |
|
|
|a (OCoLC)177819822
|
| 040 |
|
|
|a DLC
|c DLC
|d BAKER
|d BTCTA
|d YDXCP
|d C#P
|d BWX
|d CDX
|d DLC
|d BD-DhAAL
|
| 043 |
|
|
|a a-ja---
|
| 050 |
0 |
0 |
|a HC462.95
|b .E88 2008
|
| 082 |
0 |
0 |
|a 330.952
|2 22
|
| 100 |
1 |
|
|a Estévez-Abe, Margarita,
|d 1962-
|9 60927
|
| 245 |
1 |
0 |
|a Welfare and capitalism in postwar Japan /
|c Margarita Estévez-Abe.
|
| 260 |
|
|
|a Cambridge [England] ;
|a New York :
|b Cambridge University Press,
|c 2008.
|
| 300 |
|
|
|a xv, 340 p.pages :
|b illustrations ;
|c 24 cm
|
| 490 |
1 |
|
|a Cambridge studies in comparative politics
|
| 500 |
|
|
|a First published 2008
|
| 504 |
|
|
|a Includes bibliographical references (p. 297-327) and index.
|
| 526 |
8 |
|
|a AAL
|
| 541 |
|
|
|a Donated by Embassy of Japan in Bangladesh, Read Japan Project 2025, The Tokyo Foundation, supported by The Nippon Foundation.
|e 45824
|
| 650 |
|
0 |
|a Public welfare
|z Japan
|x History.
|9 60928
|
| 650 |
|
0 |
|a Welfare state
|z Japan.
|9 60929
|
| 651 |
|
0 |
|a Japan
|x Economic conditions.
|
| 830 |
|
0 |
|a Cambridge studies in comparative politics
|9 54946
|
| 852 |
1 |
|
|a Ayesha Abed Library
|c General Stacks
|
| 942 |
|
|
|2 ddc
|c BK
|
| 955 |
|
|
|a se30 2007-10-22
|i se30 2007-10-22
|a aa19 2007-10-25
|a ps04 2008-08-14 1 copy rec'd., to CIP ver.
|a db60 2008-10-09 copy 2 added
|
| 955 |
|
|
|a LCAP batch update 2025-06-01-04:00: LCAPM-644
|
| 999 |
|
|
|c 47999
|d 47999
|
| 952 |
|
|
|0 0
|1 0
|2 ddc
|4 0
|6 330_952000000000000_EST
|7 0
|9 79246
|a BRACUL
|b BRACUL
|d 2026-05-20
|e Donated by Embassy of Japan in Bangladesh, Read Japan Project 2025, The Tokyo Foundation, supported by The Nippon Foundation.
|l 0
|o 330.952 EST
|p 3010045824
|r 2026-05-20
|t 1
|w 2026-05-20
|y BK
|x Donated copy received from Embassy of Japan in Bangladesh, Read Japan Project 2025, The Tokyo Foundation, supported by The Nippon Foundation on 08 April 2026; $25.54 Amazon.com
|